Commercial law: (Record no. 57029)

MARC details
000 -LEADER
fixed length control field 00793nam a22002057a 4500
005 - DATE AND TIME OF LATEST TRANSACTION
control field 20110927104620.0
010 ## - LCCN (DPL NO)
LC control number G-001528
020 ## - INTERNATIONAL STANDARD BOOK NUMBER
Terms of availability 75.00
035 1d - SYSTEM CONTROL NUMBER
System control number G-001528
037 ## - SOURCE OF ACQUISITION
Source of stock number/acquisition Gift
082 ## - DEWEY DECIMAL CLASSIFICATION NUMBER
Classification number 346.07
100 ## - MAIN ENTRY--PERSONAL NAME
Personal name Kapoor, N.D.
245 ## - TITLE STATEMENT
Title Commercial law:
Remainder of title for Indian Institute of Banker's examination and other equivalent course /
Statement of responsibility, etc by N.D. Kapoor
260 ## - PUBLICATION, DISTRIBUTION, ETC. (IMPRINT)
Place of publication, distribution, etc New Delhi
Name of publisher, distributor, etc Sultan Chand
Date of publication, distribution, etc 1996
270 ## - ADDRESS
Address 23, Daryaganj
City New Delhi
Postal code 110002
300 ## - PHYSICAL DESCRIPTION
Extent Various pagings
Dimensions 24cm(pbk)
942 ## - ADDED ENTRY ELEMENTS (KOHA)
Source of classification or shelving scheme Dewey Decimal Classification
Item type English Books
Classification part 346.07
Call number suffix KAP
Holdings
Withdrawn status Lost status Not for loan Collection code Home library Current library Date acquired Source of acquisition Cost, normal purchase price Full call number Barcode Copy number Cost, replacement price Koha item type
      Non-fiction Janak Puri Janak Puri 27/09/2011 gift 75.00 346.07 KAP G-001528 1 75.00 English Books

© Delhi Public Library
Hit Counter
free hit counter